| 000 | 00406nam a2200145Ia 4500 | ||
|---|---|---|---|
| 008 | 230917s9999||||xx |||||||||||||| ||und|| | ||
| 040 |
_e246983 _aMAIN |
||
| 041 | _aEnglish | ||
| 082 | _a297.63 N133M | ||
| 100 | _aNadvi, Syed Abul Hasan Ali | ||
| 245 | 0 | _aMuhammed the last prophet: A short Biography | |
| 260 |
_aHyderabad _bSyed Abdul Hasan Publication Trust _c2017 |
||
| 300 | _a331 p. | ||
| 942 | _cBK | ||
| 999 |
_c168634 _d168634 |
||